000 00549cam a2200133 4500500
005 20260111091248.0
041 _afre
042 _adc
245 0 0 _aGebara I., Les eaux de mon puits. Réflexions sur des expériences de liberté, Bierges, Mols, 2003, 21x15, 335 p., 22 €. ISBN 2-87402-060-5
260 _c2005.
500 _a14
786 0 _nNouvelle revue théologique | 127 | 4 | 2005-12-15 | p. 623s-635s | 0029-4845
856 4 1 _uhttps://shs.cairn.info/revue-nouvelle-revue-theologique-2005-4-page-623s?lang=fr&redirect-ssocas=7080
999 _c1620744
_d1620744